Fr. Conceicao Rodrigues College of Engineering

Blockchain for begineers (Record no. 32986)

MARC details
000 -LEADER
fixed length control field 00342nam a2200169Ia 4500
082 ## - DEWEY DECIMAL CLASSIFICATION NUMBER
Item number YAT
100 ## - MAIN ENTRY--PERSONAL NAME
Personal name Yathish R/ Tejaaswini/N
245 ## - TITLE STATEMENT
Title Blockchain for begineers
260 ## - PUBLICATION, DISTRIBUTION, ETC.
Name of publisher, distributor, etc. Oreilly
Date of publication, distribution, etc. 2019
366 ## - TRADE AVAILABILITY INFORMATION
Publishers's discount category 20
300 ## - PHYSICAL DESCRIPTION
Extent 127
546 ## - LANGUAGE NOTE
Language note ENGLISH
650 ## - SUBJECT ADDED ENTRY--TOPICAL TERM
Topical term or geographic name entry element Block chain
654 ## - SUBJECT ADDED ENTRY--FACETED TOPICAL TERMS
Focus term blockchain
942 ## - ADDED ENTRY ELEMENTS (KOHA)
Koha item type BOOK
Holdings
Withdrawn status Lost status Damaged status Not for loan Collection Home library Current library Date acquired Source of acquisition Cost, normal purchase price Inventory number Total Checkouts Full call number Barcode Date last seen Date last checked out Cost, replacement price Price effective from Koha item type
        CRC Fr. Agnel's C.Rodrigues College of Engineering Fr. Agnel's C.Rodrigues College of Engineering 17/03/2023 Readers World 320.00 290 dt 27.07.2022 1 YAT 25884 20/06/2025 12/06/2023 400.00   BOOK
        CRC Fr. Agnel's C.Rodrigues College of Engineering Fr. Agnel's C.Rodrigues- College of Engineering 17/03/2023 Readers World 320.00 290 dt 27.07.2022 1 YAT 25885 25/11/2024 01/10/2024 400.00   BOOK